00684nam a22002177a 450000500170000001000250001702000260004203500140006803500180008203700130010003700130011308200110012610000190013724501060015625000110026226000320027327000860030530000290039170000200042070000260044020180207161637.0 a1718EN-30 ENG-121958 a9789332570979c729.00 aEN-105490 aB-684032-4042 bBSBadpl bDBAD/PUB a515.35 aNagle, R. Kent aFundamentals of differential equations / cby R.Kent Nagle, Edward B. Saff [and] Arthur David Snider  a8th ed c2017aNoida bPearson India a15th Floor,, Tower-B, World Trade, Plot No.1, Block-C, Sector-16,bNoida e201301 c25cm(pbk)a691p. :bill. aSaff, Edward B. aSnider, Arthur David